[Event "It (open)"]
[Site "masterchessopen.com Tbilisi (Georgia)"]
[Date "2002.02.20"]
[Round "4"]
[White "Chkhaidze Nikoloz (GEO)"]
[Black "Gvetadze Sopio (GEO)"]
[Result "0-1"]
[WhiteElo "2179"]
[BlackElo "2301"]

1.e4 c5 2.Nf3 Nc6 3.d4 cxd4 4.Nxd4 Nf6 5.Nc3 d6 6.Bg5 e6 7.Qd2 Be7 8.O-O-O O-O
9.f4 Nxd4 10.Qxd4 Qa5 11.Bc4 b5 12.Bxb5 Rb8 13.e5 dxe5 14.fxe5 Rxb5 15.exf6
Rb4 16.Qe3 Bxf6 17.Bxf6 gxf6 18.Rd4 Rxd4 19.Qxd4 f5 20.Re1 f6 21.g4 e5 22.Qc4+
Kh8 23.gxf5 Bxf5 24.Rf1 Bg6 25.Qc6 Kg7 26.h4 Qb4 27.Rxf6 Qxh4 28.Rxf8 Qh6+
29.Rf4 Qxf4+ 30.Kd1 Bh5+ 31.Ke1 Qc1+ 32.Kf2 Qxc2+ 33.Kg3 Bf7 34.Qc5 Qd3+
35.Kg2 Qd4 36.Qc6 Qd2+ 37.Kg3 Qf4+ 38.Kg2 h5 39.Ne4 h4 40.b4 Bg6 41.Qd7+ Kh6
42.Nf2 e4 43.Qd4 Qf3+ 44.Kg1 {#R} 0-1

[Event "It (open)"]
[Site "masterchessopen.com Edinburgh (Scotland)"]
[Date "2002.04.07"]
[Round "4"]
[White "Arakhamia-Grant Ketevan (SCO)"]
[Black "Lock Gavin R (ENG)"]
[Result "1-0"]
[WhiteElo "2413"]
[BlackElo "2120"]

1.e4 c5 2.Nf3 Nc6 3.d4 cxd4 4.Nxd4 Nf6 5.Nc3 d6 6.Bg5 e6 7.Qd2 Be7 8.O-O-O
Nxd4 9.Qxd4 O-O 10.f4 Qa5 11.Bc4 Bd7 12.Bb3 Bc6 13.Rhe1 Rfd8 14.Kb1 b5 15.h4
Qc7 16.f5 b4 17.Qxb4 d5 18.Qd4 dxe4 19.Qc4 exf5 20.Qxf7+ Kh8 21.Bxf6 gxf6
22.Bd5 Bxd5 23.Nxd5 Qe5 24.Nxe7 Rf8 25.Qd5 Qxe7 26.Qxf5 Rad8 27.Rxd8 Rxd8
28.a3 Rd4 29.h5 e3 30.h6 Kg8 31.Qc8+ Kf7 32.Qh8 Qe4 33.Qg7+ Ke6 34.Qg8+ Ke7
35.Qg7+ Ke6 36.Qf8 Rd2 37.Rxe3 {#r} 1-0

[Event "Ch Hungary (team) 2002/03"]
[Site "masterchessopen.com Hungary"]
[Date "2002.09.22"]
[Round "1"]
[White "Kerek Krisztian (HUN)"]
[Black "Balogh Csaba (HUN)"]
[Result "0-1"]
[WhiteElo "2358"]
[BlackElo "2448"]

1.e4 c5 2.Nf3 d6 3.d4 cxd4 4.Nxd4 Nf6 5.Nc3 Nc6 6.Bg5 e6 7.Qd2 Be7 8.O-O-O
Nxd4 9.Qxd4 O-O 10.f4 Qa5 11.Bb5 h6 12.Bh4 Rd8 13.e5 dxe5 14.Qxe5 Ng4 15.Qe2
Bxh4 16.Qxg4 Rxd1+ 17.Qxd1 Bf6 18.Qd3 a6 19.Bc4 b5 20.Bb3 Bxc3 21.bxc3 Bb7
22.f5 Rd8 23.Qh3 exf5 24.Qxf5 Qxc3 25.Qxf7+ Kh8 26.Kb1 Bxg2 27.Qe7 Qf6 28.Qxf6
gxf6 29.Re1 f5 30.Re2 Be4 31.Kc1 Kg7 32.c3 Kf6 33.Bc2 Bxc2 34.Kxc2 f4 35.a4
Kf5 36.axb5 axb5 37.Re7 f3 38.Rh7 Rf8 39.Kd2 f2 40.Ke2 Kg6 {#R} 0-1

[Event "It \"]
[Site "masterchessopen.com Alushta (Ukraine)"]
[Round "16"]
[White "Dyachkov Sergej (RUS)"]
[Black "Evdokimov Alexander A (RUS)"]
[Result "0-1"]
[WhiteElo "2554"]
[BlackElo "2455"]

1.e4 c5 2.Nf3 Nc6 3.Nc3 d6 4.d4 cxd4 5.Nxd4 Nf6 6.Bg5 e6 7.Qd2 Be7 8.O-O-O O-O
9.f4 Nxd4 10.Qxd4 Qa5 11.Bc4 Bd7 12.e5 dxe5 13.Qxe5 Qb6 14.Rhe1 h6 15.Bh4 Rfc8
16.Bb3 Rc5 17.Qe3 Ng4 18.Qg3 Bxh4 19.Qxh4 Nf6 20.g4 Qb4 21.Qg3 Be8 22.a3 Qa5
23.h4 Rac8 24.g5 Rxc3 25.bxc3 Rxc3 26.Qf2 Qxa3+ 27.Kb1 Nd7 28.g6 Nf8 29.gxf7+
Bxf7 30.f5 Qb4 31.fxe6 Bxe6 32.Rd4 Qb6 33.Qd2 Rc6 34.Rxe6 Nxe6 35.Rd8+ Kf7
36.Qd7+ Kf6 37.Rf8+ Nxf8 38.Qf7+ Ke5 39.Qd5+ Kf4 {#R} 0-1

[Event "It (cat.8)"]
[Site "masterchessopen.com Alushta (Ukraine)"]
[Round "0"]
[White "Alexikov Alexander (UKR)"]
[Black "Kovalev Andrei (BLR)"]
[Result "1-0"]
[WhiteElo "2347"]
[BlackElo "2575"]

1.e4 c5 2.Nf3 Nc6 3.d4 cxd4 4.Nxd4 Nf6 5.Nc3 d6 6.Bg5 e6 7.Qd2 Be7 8.O-O-O O-O
9.f4 Nxd4 10.Qxd4 Qa5 11.Bc4 Bd7 12.e5 dxe5 13.Qxe5 Qb4 14.Rd4 Bc5 15.a3 Qb6
16.Rd3 Ng4 17.Qe2 Nf2 18.Rxd7 Nxh1 19.Ne4 Qa5 20.Nxc5 Qxc5 21.Rd1 Nf2 22.Rd2
Qc6 23.Bb5 Qb6 24.Ba4 Nh1 25.Qf1 Qe3 26.Bb5 f6 27.Bh4 Rfd8 28.Bd3 Rac8 29.Kd1
Qc5 30.Be1 Qh5+ 31.g4 Qxg4+ 32.Kc1 {#r} 1-0

[Event "It (open) \"]
[Site "masterchessopen.com Aviles (Spain)"]
[Round "2"]
[White "Fidalgo Fernandez Javier (ESP)"]
[Black "Vioreanu Bogdan-Gabriel (ROM)"]
[Result "0-1"]
[WhiteElo "2140"]
[BlackElo "2453"]

1.e4 c5 2.Nf3 d6 3.d4 cxd4 4.Nxd4 Nf6 5.Nc3 Nc6 6.Bg5 e6 7.Qd2 Be7 8.O-O-O
Nxd4 9.Qxd4 O-O 10.f4 Qa5 11.Bb5 a6 12.e5 dxe5 13.fxe5 Nd5 14.Bxe7 Nxe7 15.Bd3
Ng6 16.Rhe1 Rd8 17.Qe3 Bd7 18.h4 Nf8 19.h5 Bc6 20.h6 g6 21.Qf4 Nd7 22.Rf1 Qxe5
23.Qxf7+ Kh8 24.Qe7 Re8 25.Qh4 Rf8 26.Be4 Rxf1 27.Rxf1 Rf8 28.Rxf8+ Nxf8
29.Bxc6 bxc6 30.Ne4 Kg8 31.Qf6 Qxf6 32.Nxf6+ Kf7 33.Ne4 g5 34.Nxg5+ Kg6 35.Ne4
Nd7 36.Kd2 Kxh6 37.Ke3 Kg6 38.Nd6 e5 39.Ke4 h5 40.b4 h4 41.c4 Kf6 42.Ne8+ Kg5
43.Nd6 Kf6 44.Nf5 Kg5 45.Ne3 Kf6 46.a4 Ke6 47.Nf5 Nf6+ {#R} 0-1

[Event "It (open)"]
[Site "masterchessopen.com Batumi (Georgia)"]
[Round "1"]
[White "Arabidze Meri (GEO)"]
[Black "Gvetadze Sopio (GEO)"]
[Result "0-1"]
[WhiteElo "2332"]
[BlackElo "2324"]

1.e4 c5 2.Nf3 Nc6 3.d4 cxd4 4.Nxd4 Nf6 5.Nc3 d6 6.Bg5 e6 7.Qd2 Be7 8.O-O-O O-O
9.f4 Nxd4 10.Qxd4 Qa5 11.Kb1 a6 12.Be2 b5 13.e5 dxe5 14.fxe5 Nd5 15.Nxd5 Bxg5
16.Qg4 h6 17.Nf4 Qc7 18.Nd3 Bb7 19.Bf3 Rac8 20.Bxb7 Qxb7 21.h4 Be7 22.Qe2 Rc4
23.Qf2 Rfc8 24.Rc1 b4 25.Rh3 a5 26.g3 a4 27.Qf1 Qe4 28.Rh2 Qg6 29.Rg2 b3 30.c3
Rd8 31.Rd1 Rc5 32.Ka1 Rcd5 33.Nf2 a3 34.Rxd5 axb2+ 35.Kxb2 Qc2+ 36.Ka1 b2# 0-1

[Event "Ch Belgium (team) (2) 2002/03"]
[Site "masterchessopen.com Belgium"]
[Round "11"]
[White "Sadkowsky Daniel (BEL)"]
[Black "Blokhuis Jeroen (NED)"]
[Result "1-0"]
[WhiteElo "2332"]
[BlackElo "2372"]

1.e4 c5 2.Nf3 Nc6 3.d4 cxd4 4.Nxd4 Nf6 5.Nc3 d6 6.Bg5 e6 7.Qd2 Be7 8.O-O-O O-O
9.f4 Nxd4 10.Qxd4 Qa5 11.Kb1 h6 12.h4 hxg5 13.hxg5 Ng4 14.Be2 e5 15.Nd5 Bd8
16.Qd3 Be6 17.Bxg4 Bxg4 18.Qg3 Bxd1 19.Qh3 {#r} 1-0

[Event "It (open)"]
[Site "masterchessopen.com Belgrade (Yugoslavia)"]
[Round "5"]
[White "Aksentijevic Malisa (SRB)"]
[Black "Jovanovic Sasa T (SRB)"]
[Result "0-1"]
[WhiteElo "2219"]
[BlackElo "2286"]

1.e4 c5 2.Nf3 d6 3.d4 cxd4 4.Nxd4 Nf6 5.Nc3 Nc6 6.Bg5 e6 7.Qd2 Be7 8.O-O-O O-O
9.f4 Nxd4 10.Qxd4 Qa5 11.Bb5 a6 12.e5 dxe5 13.fxe5 Nd5 14.Bxe7 Nxe7 15.Bd3 Nf5
16.Qe4 Qc5 17.Kb1 Bd7 18.Qf4 Rad8 19.Bxf5 exf5 20.Rd5 Qc7 21.Rhd1 Be6 22.Rd6
Rc8 23.Qd2 Rfe8 24.Qd4 h6 25.Rd2 Qc4 26.Qf2 Qc5 27.Qg3 Kh7 28.a3 a5 29.Na4 Qc4
30.b3 Qf1+ 31.Rd1 Qe2 32.R1d2 Qh5 33.Nb6 Rc5 34.Nd5 Qg5 35.Qf2 Rec8 36.h4 Qg4
37.Rd4 f4 38.Nxf4 Qf5 39.Rd3 Rxc2 40.Qxc2 Rxc2 41.Nxe6 Qf2 42.Nd4 Ra2 {#R} 0-1

[Event "It (open) \"]
[Site "masterchessopen.com Belgrade (Yugoslavia)"]
[Round "9"]
[White "Strbac Mladen (SRB)"]
[Black "Klasan Vladimir (SRB)"]
[Result "1-0"]
[WhiteElo "2219"]
[BlackElo "2176"]

1.e4 c5 2.Nf3 d6 3.d4 cxd4 4.Nxd4 Nf6 5.Nc3 Nc6 6.Bg5 e6 7.Qd2 Be7 8.O-O-O O-O
9.f4 Nxd4 10.Qxd4 Qa5 11.Bc4 Bd7 12.e5 dxe5 13.fxe5 Bc6 14.Rhe1 Rad8 15.Qh4
Rxd1+ 16.Kxd1 h6 17.Bxf6 gxf6 18.Re3 Rd8+ 19.Bd3 Qc5 20.Qxh6 {#r} 1-0

[Event "It (w)"]
[Site "masterchessopen.com Belgrade (Yugoslavia)"]
[Round "7"]
[White "Blimke Dalia (POL)"]
[Black "Prudnikova Svetlana (SRB)"]
[Result "0-1"]
[WhiteElo "2218"]
[BlackElo "2402"]

1.e4 c5 2.Nf3 Nc6 3.d4 cxd4 4.Nxd4 Nf6 5.Nc3 d6 6.Bg5 e6 7.Qd2 Be7 8.O-O-O
Nxd4 9.Qxd4 O-O 10.f4 Qa5 11.Kb1 h6 12.Bh4 e5 13.Qd2 Nxe4 14.Nxe4 Qxd2 15.Rxd2
Bxh4 16.g3 Be7 17.Nxd6 Bxd6 18.Rxd6 exf4 19.gxf4 Bf5 20.Bd3 Bxd3 21.cxd3 Rad8
22.Rxd8 Rxd8 23.Kc2 Rd4 24.Rf1 Kf8 25.Kc3 Ra4 {#R} 0-1

[Event "It (open)"]
[Site "masterchessopen.com Bosnjaci (Croatia)"]
[Round "5"]
[White "Solic Kristina (CRO)"]
[Black "Sliepcevic Mladen (CRO)"]
[Result "1-0"]
[WhiteElo "2229"]
[BlackElo "2226"]

1.e4 c5 2.Nf3 d6 3.d4 cxd4 4.Nxd4 Nf6 5.Nc3 Nc6 6.Bg5 e6 7.Qd2 Be7 8.O-O-O O-O
9.f4 Nxd4 10.Qxd4 Qa5 11.Bc4 Bd7 12.e5 dxe5 13.fxe5 Bc6 14.h4 Bc5 15.Qf4 Nd7
16.Rh3 Bb4 17.Rxd7 Bxd7 18.Bf6 Rfc8 19.Bxg7 Kxg7 20.Qf6+ Kf8 21.Rf3 Ke8
22.Qxf7+ Kd8 23.Bxe6 {#r} 1-0

[Event "Ch Spain (open)"]
[Site "masterchessopen.com Burgos (Spain)"]
[Round "2"]
[White "Fluvia Poyatos Joan (ESP)"]
[Black "Lopez Martinez Alberto (ESP)"]
[Result "1-0"]
[WhiteElo "2467"]
[BlackElo "2137"]

1.e4 c5 2.Nf3 d6 3.d4 cxd4 4.Nxd4 Nf6 5.Nc3 Nc6 6.Bg5 e6 7.Qd2 Be7 8.O-O-O O-O
9.f4 Nxd4 10.Qxd4 Qa5 11.e5 dxe5 12.Qxe5 Qxe5 13.fxe5 Nd5 14.Bxe7 Nxe7 15.Bd3
Nc6 16.Rhe1 Rd8 17.b4 Bd7 18.b5 Ne7 19.Ne4 a6 20.bxa6 bxa6 21.Nc5 Bb5 22.Nb7
Rd7 23.Bxb5 Rxb7 24.Bxa6 Rc7 25.Rd6 g6 26.a4 Kg7 27.Kb2 Nc8 28.Bb5 Rb7 29.Kb3
Nxd6 30.exd6 Rd8 31.Rd1 Rb6 32.d7 Kf6 33.c4 {#r} 1-0

[Event "It (open)"]
[Site "masterchessopen.com Cappelle la Grande (France)"]
[Round "2"]
[White "Jaracz Pawel (POL)"]
[Black "Mohandesi Shahin (IRI)"]
[Result "1-0"]
[WhiteElo "2531"]
[BlackElo "2332"]

1.e4 c5 2.Nf3 d6 3.d4 cxd4 4.Nxd4 Nf6 5.Nc3 Nc6 6.Bg5 e6 7.Qd2 Be7 8.O-O-O O-O
9.f4 Nxd4 10.Qxd4 Qa5 11.Kb1 Rd8 12.Bd3 h6 13.h4 e5 14.Qf2 Ng4 15.Qg3 exf4
16.Bxf4 Be6 17.Be2 h5 18.Rd5 Bxd5 19.Nxd5 Re8 20.Bxg4 hxg4 21.Qxg4 Qd8 22.Bg5
f6 23.Be3 Qc8 24.Qg6 Qd7 25.h5 Bd8 26.h6 Re5 27.Nf4 Rg5 28.h7+ {#r} 1-0

[Event "It (open)"]
[Site "masterchessopen.com Cappelle la Grande (France)"]
[Round "6"]
[White "Mista Aleksander (POL)"]
[Black "Aseev Konstantin N (RUS)"]
[Result "1-0"]
[WhiteElo "2487"]
[BlackElo "2511"]

{ Aseev Konstantin N (RUS) +3 =4 -1 } 1.e4 { 1 } 1...c5 2.Nf3 Nc6 3.d4 cxd4
4.Nxd4 Nf6 5.Nc3 d6 6.Bg5 e6 7.Qd2 Be7 8.O-O-O O-O 9.f4 Nxd4 10.Qxd4 a6 { ? ±
} ( 10...Qc7 11.Kb1 Rd8 12.Bd3 Bd7 13.e5 dxe5 14.fxe5 Bc6 15.Qh4 Qxe5 16.Rhe1
Qa5 17.Bxh7+ Nxh7 18.Bxe7 Rxd1+ 19.Rxd1 Re8 20.g3 g5 21.Qb4 Qxb4 22.Bxb4 f5
23.Bd6 Kf7 24.b4 a6 25.a4 Rd8 26.b5 axb5 27.axb5 Be8 28.Rd3 Nf6 29.h3 Nd5
30.Be5 { ...0-1, Babaev Rashad 2353 - Aseev Konstantin N 2533 , St. Petersburg
1999 Memorial M.Chigorin (open) } ) ( 10...Qa5 11.Bc4 Bd7 12.e5 dxe5 13.fxe5
Bc6 14.Bd2 Nd7 15.Nd5 Qd8 16.Nxe7+ Qxe7 17.Rhe1 Rfd8 18.Qg4 Nf8 19.Bd3 Rxd3
20.cxd3 Qd7 21.Bb4 Ng6 22.Bd6 f5 23.Qg5 Bd5 24.b3 Qc6+ 25.Kb2 Qb6 26.g3 Qd4+
27.Kb1 Rc8 28.Qe3 Qxe3 29.Rxe3 f4 30.gxf4 { ...1/2-1/2, Svidler Peter 2710 -
Anand Viswanathan 2795 , Linares 1998 It (cat.21) } ) 11.Kb1 ( 11.Be2 Qa5 (
11...b5 12.e5 dxe5 13.fxe5 Qxd4 14.Rxd4 Nd5 15.Bxe7 { } ) 12.Kb1 h6 13.Bh4 e5
14.Qf2 exf4 15.Nd5 Nxd5 16.Rxd5 Bxh4 17.Qxh4 b5 18.Qxf4 Be6 19.Qd2 Qa4 20.b3
Qxe4 21.Bf3 Qh7 22.Rxd6 Rac8 23.g4 a5 24.Re1 a4 25.Be4 Qh8 26.Rxe6 fxe6 27.Qd7
Rce8 28.Bg6 { 1-0, Ljubojevic Ljubomir 2615 - Taylor Timothy 2480 , New York
1984 It (open) } ) 11...b5 ( 11...Qa5 12.Be2 Rd8 13.e5 dxe5 14.Qxe5 Qb6 15.Ne4
Nd7 16.Bxe7 { 1-0, Howell James C 2525 - Umesh Santosh 2235 , Isle of Lewis
1995 It (open) } ) ( 11...Qc7 12.Bxf6 gxf6 ( 12...Bxf6 { } ) 13.h4 Qc5 14.Qd2
Kh8 15.g4 b5 16.Bd3 Bd7 17.f5 Rg8 18.g5 b4 19.Ne2 a5 20.Rdg1 a4 21.g6 fxg6
22.fxg6 a3 23.gxh7 Kxh7 24.b3 Rxg1+ 25.Rxg1 Rc8 26.Qf4 Qe5 { 1/2-1/2, Bauer
Christian 2562 - Aleksieva Silvia 2351 , Salou 2000 It (open) } ) 12.Bxf6 { }
12...Bxf6 13.Qxd6 { N ?! } ( 13.e5 dxe5 ( 13...Bh4 14.exd6 Bb7 15.Ne4 { } )
14.Qe4 Qb6 15.Qxa8 Bb7 16.Rd6 Qc7 17.Qa7 Qxd6 18.Qxb7 b4 19.Ne2 exf4 20.Qe4
Rd8 21.Nc1 Qd1 22.g3 Rd4 23.Bd3 Qh5 24.Qc6 g6 25.Nb3 Qe5 26.Nxd4 Qxd4 27.Kc1
fxg3 28.Qe4 Qxb2+ 29.Kd2 gxh2 30.Rxh2 a5 31.Rf2 Kg7 32.Qf4 h5 { ...1/2-1/2,
Wells Peter K 2475 - Kiss Attila 2435 , Hungary 1996 Ch Hungary (team) 1996/97
} ) 13...Bb7 14.Qxd8 Bxd8 15.Bd3 Ba5 16.Rhf1 Bxc3 17.bxc3 Rac8 18.Kb2 Rc5
19.Ra1 Bc6 20.Rfe1 Rh5 21.h3 Rh4 22.Rf1 g5 23.f5 h6 24.Rae1 Re8 { ?! } (
24...Kg7 25.Ka3 Rf4 26.Rxf4 gxf4 { } ) 25.Re3 { ! } ( 25.f6 { ? } 25...h5
26.Re3 Kh8 27.Kb3 { } ) 25...Rf4 26.Rfe1 { ?! } ( 26.Rxf4 gxf4 27.Re2 exf5
28.e5 { } ) 26...exf5 { ?! } ( 26...Rb8 27.Ka3 exf5 28.g3 Rxe4 { } ) 27.g3
Rfxe4 28.Bxe4 fxe4 29.g4 Kg7 30.Kb3 h5 { ?! } ( 30...f5 31.gxf5 Kf6 32.c4 Kxf5
{ } ) 31.Rd1 Re6 32.c4 hxg4 33.hxg4 Kf6 { ?! } ( 33...Kg6 34.c5 f5 35.Rd6 Rxd6
{ } ) 34.Rf1+ Kg6 35.cxb5 axb5 36.c4 Re5 37.Rd1 bxc4+ 38.Kxc4 Bb5+ 39.Kb4 f6 {
?! } ( 39...Kf6 40.Rd6+ Ke7 41.Rd4 Bc6 { } ) 40.a4 Bd3 { ?! } ( 40...Bc6
41.Rd6 Be8 42.Rd8 Bc6 { } ) 41.Rdxd3 exd3 42.Rxe5 fxe5 43.Kc3 { } {#r} 1-0

[Event "It (open)"]
[Site "masterchessopen.com Dubai (United Arab Emirates)"]
[Round "2"]
[White "Alekseev Evgeny (RUS)"]
[Black "Mohandesi Shahin (IRI)"]
[Result "1-0"]
[WhiteElo "2604"]
[BlackElo "2332"]

1.e4 c5 2.Nf3 Nc6 3.d4 cxd4 4.Nxd4 Nf6 5.Nc3 d6 6.Bg5 e6 7.Qd2 Be7 8.O-O-O O-O
9.f4 Nxd4 10.Qxd4 Qa5 11.e5 dxe5 12.Qxe5 b6 13.Bc4 Bb7 14.Qc7 Nd5 15.Bxd5 Bxd5
16.Qxe7 Bxa2 17.Qa3 Qxa3 18.bxa3 Bc4 19.Rd7 Rfc8 20.Rhd1 f6 21.Bh4 a6 22.Re7
Rd8 23.Bf2 Rxd1+ 24.Nxd1 Kf8 25.Rc7 b5 26.Bc5+ Kg8 27.Ne3 Be2 28.Kd2 Bh5 29.g4
Bg6 30.h4 h5 31.g5 fxg5 32.fxg5 Rd8+ 33.Kc3 a5 34.Bd4 b4+ 35.axb4 axb4+ 36.Kc4
e5 37.Bxe5 Bf7+ 38.Kxb4 Re8 39.Bd4 Re4 40.Kc5 {#r} 1-0

[Event "It (cat.8)"]
[Site "masterchessopen.com Gausdal (Norway)"]
[Round "3"]
[White "Berg Emanuel (SWE)"]
[Black "Bluvshtein Mark (CAN)"]
[Result "0-1"]
[WhiteElo "2529"]
[BlackElo "2502"]

{ } 1.e4 { 1 } 1...c5 2.Nf3 d6 3.d4 cxd4 4.Nxd4 Nf6 5.Nc3 Nc6 6.Bg5 e6 7.Qd2
Be7 8.O-O-O Nxd4 9.Qxd4 O-O 10.f4 Qa5 11.Kb1 h6 12.Bh4 ( 12.h4 Rd8 13.Be2 Bd7
14.Qe3 Rac8 15.e5 dxe5 16.fxe5 hxg5 17.hxg5 Rxc3 18.Bd3 Rxd3 19.cxd3 Ng4
20.Qh3 Nh6 21.gxh6 Qxe5 22.Rde1 Qg5 23.hxg7 Qxg7 24.Re3 Bg5 25.Rg3 f6 26.Qg4
Kf7 27.Qd4 Qg8 28.Qe4 Bc6 29.Rh7+ Ke8 30.Qh4 Qg6 31.Qh3 Rd6 { ...0-1, Nijboer
Friso 2525 - Anand Viswanathan 2795 , Wijk aan Zee 1998 It (cat.17) } )
12...e5 { =/? } 13.Qd2 ( 13.fxe5 dxe5 14.Qf2 Be6 15.Bxf6 Bxf6 16.Nd5 Bxd5
17.Rxd5 Rad8 18.Bc4 Qb4 19.Qe2 Rxd5 20.Bxd5 Qe7 21.Rf1 b6 22.Rf3 Rc8 23.a3 Qc5
24.Bb3 Rd8 25.g3 Qg1+ 26.Rf1 Rd2 27.Bxf7+ Kf8 28.Qc4 Rd1+ 29.Rxd1 Qxd1+ 30.Ka2
Qd7 31.Be6 Qd4 32.Qc7 { 1-0, Radulov Ivan 2465 - Armas Iulius 2378 ,
Cienfuegos 1980 } ) ( 13.Qd3 exf4 14.Be1 Qc5 15.Be2 Be6 16.Rf1 Rfd8 17.Nd5
Bxd5 18.exd5 Nd7 19.Rxf4 Rac8 20.Qf5 Ne5 21.Bc3 g6 22.Qh3 Bg5 23.Rfd4 b5
24.Qg3 a5 25.a3 Bf6 26.Rf4 Bg5 27.Re4 Bf6 28.Qe3 Qxe3 29.Rxe3 Nc4 30.Bxc4 Bxc3
31.Bxb5 Be5 32.h3 Rb8 { ...1-0, Mrdja Milan 2395 - Testa Armando 2220 ,
Imperia 1989 } ) 13...Nxe4 ( 13...exf4 14.Nd5 Qd8 15.Nxe7+ Qxe7 16.Bxf6 Qxf6
17.Bd3 Qe5 18.Rdf1 g5 19.h4 Bg4 20.hxg5 hxg5 21.g3 fxg3 22.Rfg1 f6 23.Qe3 Kg7
24.Rxg3 Be6 25.Rh5 Rh8 26.Rxh8 Rxh8 27.Rg1 b6 28.Qc1 Rh2 29.b3 a5 30.Rf1 g4
31.Qe3 b5 32.Qa7+ Kg6 33.Qxa5 { ...0-1, Peretz Malkiel 2365 - Cobo Arteaga
Eldis 2425 , Siegen 1970 Olympiad } ) 14.Nxe4 Qxd2 15.Rxd2 Bxh4 16.Nxd6 (
16.g3 Be7 17.Nxd6 Bxd6 18.Rxd6 exf4 19.gxf4 Bf5 20.Bd3 Bxd3 21.Rxd3 Rad8
22.Rhd1 Rxd3 23.Rxd3 Re8 24.Kc1 Re4 25.Rd8+ Kh7 26.Rd7 Rxf4 27.Rxb7 g5 28.b4
g4 29.b5 h5 30.Kd2 h4 31.Ke3 Rf3+ 32.Ke2 Ra3 33.Rxf7+ Kg6 34.Rf2 Rxa2 35.Ke3
Kg5 { ...1/2-1/2, Chkhaidze Nikoloz 2138 - Guseinov Kadir 2510 , Baku 2002 Ch
Europe (juniors) (under 20) } ) 16...exf4 { } 17.Be2 { N } ( 17.Bc4 Be7 (
17...b6 18.Bd5 Rb8 19.Nxc8 Rbxc8 20.Rd4 g5 21.Rf1 Rce8 22.a4 Re1+ 23.Rxe1 Bxe1
24.Re4 Bf2 25.Re7 a5 26.Rd7 Kg7 27.c3 Bc5 28.Kc2 Kg6 29.Kd3 f5 30.Kc4 Bg1
31.h3 g4 32.b4 Rc8+ 33.Kd3 f3 34.gxf3 gxh3 35.f4 h2 36.bxa5 Rc5 { ...1/2-1/2,
Koehn Peter 2260 - Brenke Andreas 2280 , Germany 1995 Oberliga NRW 1994/95 } )
18.Re1 Bxd6 19.Rxd6 Be6 20.Bxe6 fxe6 21.Rdxe6 f3 22.gxf3 Rxf3 23.a4 Rf2 24.Re7
b6 25.Rd1 Rxh2 26.Rg1 g5 27.Rd1 Rc8 28.c3 Rf8 29.Rdd7 Rff2 30.Ka1 Rh1+ 31.Ka2
Rhh2 32.Ka3 g4 33.Rg7+ Kf8 34.Rh7 Kg8 35.Rdg7+ Kf8 36.Rxa7 Kg8 { ...1/2-1/2,
Tzermiadianos Andreas 2350 - Grivas Efstratios 2505 , Katerini 1993 It (open)
} ) 17...Rb8 18.Bf3 Rd8 19.Rhd1 b6 20.Nxc8 Rbxc8 21.Rd7 Rxd7 22.Rxd7 Re8 23.c4
Re7 24.Rd8+ Kh7 25.Rc8 Bf2 26.b4 f5 27.Kc2 g5 28.h3 Kg7 29.Kb3 { ?! } ( 29.c5
{ !? } 29...bxc5 30.bxc5 Re5 31.c6 { } ) 29...Kf6 { ?! } ( 29...Re3+ { !? }
30.Kb2 Be1 31.a3 Rd3 { } ) 30.Rc6+ { ?! } ( 30.c5 { !? } 30...bxc5 31.bxc5 Rg7
32.c6 { } ) 30...Re6 31.Rc7 Re7 32.Rc6+ Re6 33.Rc8 Re7 { ?! } ( 33...Re3+ { !?
} 34.Kb2 Be1 35.a3 Bc3+ { } ) 34.c5 bxc5 35.bxc5 Rg7 36.c6 { ? } ( 36.Rf8+ { !
} 36...Rf7 37.Rc8 Rg7 { } ) 36...Bb6 { ! } ( 36...g4 { ? } 37.hxg4 fxg4
38.Bxg4 Rxg4 { } ) 37.Rf8+ Ke5 38.Re8+ Kd6 { ! } ( 38...Kd4 { ? } 39.Rf8 Ke5
40.Kc4 g4 { } ) 39.Kc4 { ?! } ( 39.Rh8 { !? } 39...g4 40.Rxh6+ Ke5 41.Be2 { }
) 39...g4 40.Bd5 { ?! } ( 40.hxg4 { !? } 40...fxg4 41.Be4 f3 42.Rh8 { } )
40...f3 41.Re6+ Kc7 42.Rf6 f2 43.Rxf5 gxh3 44.gxh3 Rg1 45.Rf7+ Kd6 46.c7 Rc1+
47.Kd3 Kxd5 { } {#R} 0-1

[Event "Ch Europe"]
[Site "masterchessopen.com Istanbul (Turkey)"]
[Round "4"]
[White "Nedev Trajce (MKD)"]
[Black "Demir Gokhan (TUR)"]
[Result "1-0"]
[WhiteElo "2528"]
[BlackElo "2239"]

{ } 1.e4 c5 2.Nf3 d6 3.d4 cxd4 4.Nxd4 Nf6 5.Nc3 Nc6 6.Bg5 e6 7.Qd2 Be7 8.O-O-O
O-O 9.f4 Nxd4 10.Qxd4 Qa5 11.Bc4 Bd7 12.Rhe1 { = -0.33 CAP } 12...e5 { N } (
12...Bc6 13.Bb3 Rfe8 14.e5 dxe5 15.Qxe5 Qxe5 16.fxe5 Nd7 17.Bxe7 Rxe7 18.g3
Rc8 19.Re3 Nf8 20.Ne2 Rec7 21.Nd4 Bd7 22.c3 Ng6 23.h4 Rc5 24.Rde1 Ne7 25.Rd1
Ng6 26.Rde1 Ne7 27.Rd1 Ng6 { 1/2-1/2, Polgar Judit 2656 - Anand Viswanathan
2762 , Wijk aan Zee 2000 It (cat.18) } ) ( 12...Rfd8 13.Bb3 h6 14.Bh4 Qh5
15.Bg3 Bc6 { 1/2-1/2, Perez Rodney 2478 - Garcia Martinez Silvino 2442 ,
Varadero 2000 Memorial J.Capablanca (b) (cat.8) } ) ( 12...b5 13.e5 dxe5
14.fxe5 bxc4 { 1/2-1/2, Fontaine Robert 2285 - Rausis Igors 2515 , Enghien
1995 It (cat.5) } ) 13.Qd3 Rab8 14.Bb3 Bc6 15.f5 b5 16.Bxf6 Bxf6 17.Qxd6 Rb6 {
?! } ( 17...Rbc8 18.Nd5 Bxd5 19.Qxd5 Qb6 { } ) 18.Qc7 b4 { ?! } ( 18...Qa6
19.Nd5 Bxd5 20.Bxd5 b4 { } ) 19.Nd5 Bxd5 20.Rxd5 Qa6 21.Rd7 Kh8 { ?! } (
21...Rc6 22.Qxa7 Qxa7 23.Rxa7 Bg5+ { } ) 22.Qxa7 Qb5 { } {#r} 1-0

[Event "Ch Poland (juniors) (under 20) (g)"]
[Site "masterchessopen.com Jarnoltowek (Poland)"]
[Round "11"]
[White "Kadziolka Beata (POL)"]
[Black "Majdan Joanna (POL)"]
[Result "1-0"]
[WhiteElo "2301"]
[BlackElo "2219"]

1.e4 c5 2.Nf3 Nc6 3.d4 cxd4 4.Nxd4 Nf6 5.Nc3 d6 6.Bg5 e6 7.Qd2 Be7 8.O-O-O O-O
9.f4 Nxd4 10.Qxd4 Qa5 11.Bc4 Bd7 12.e5 dxe5 13.fxe5 Bc6 14.h4 Bc5 15.Qf4 Nd7
16.Rh3 Qc7 17.Rxd7 Qxd7 18.Bf6 Rfd8 19.Rd3 Qd4 20.Rxd4 Rxd4 21.Qg5 Bf8 22.Bd3
h6 23.Qg3 Kh8 24.Qe3 Rxd3 25.Bxg7+ Bxg7 26.cxd3 Bxg2 27.Nb5 Rc8+ 28.Kd1 Bd5
29.Nd6 Rf8 30.b3 f6 31.exf6 Rxf6 32.Ne4 Rf1+ 33.Ke2 Rh1 34.Qf4 Ra1 35.Qb8+ Kh7
36.Qxa7 Rh1 37.Qf2 Rb1 38.Qf7 Rb2+ 39.Ke3 Bxe4 40.dxe4 e5 41.Qf5+ Kh8 42.Qc8+
Kh7 43.Qf5+ Kh8 44.Qc8+ Kh7 45.Qxb7 Rxa2 46.Qf7 Rb2 47.Kd3 Rg2 48.b4 {#r} 1-0

[Event "It (open)"]
[Site "masterchessopen.com Kharkov (Ukraine)"]
[Round "5"]
[White "Solovchuk Alexey (UKR)"]
[Black "Kalinski Igor A (UKR)"]
[Result "0-1"]
[WhiteElo "2265"]
[BlackElo "2255"]

1.e4 c5 2.Nf3 d6 3.d4 cxd4 4.Nxd4 Nf6 5.Nc3 Nc6 6.Bg5 e6 7.Qd2 Be7 8.O-O-O
Nxd4 9.Qxd4 O-O 10.f4 Qa5 11.Bc4 Bd7 12.Bb3 Bc6 13.Rhf1 b5 14.e5 dxe5 15.Qxe5
Qb6 16.f5 Ng4 17.Qf4 Bxg5 18.Qxg5 exf5 19.Nd5 Bxd5 20.Bxd5 Qe3+ 21.Qxe3 Nxe3
{#R} 0-1

[Event "It (open)"]
[Site "masterchessopen.com Linares (Spain)"]
[Round "5"]
[White "Campora Daniel H (ARG)"]
[Black "Moreno Tejera Emilio (ESP)"]
[Result "1-0"]
[WhiteElo "2549"]
[BlackElo "2275"]

1.e4 c5 2.Nf3 d6 3.d4 Nf6 4.Nc3 cxd4 5.Nxd4 Nc6 6.Bg5 e6 7.Qd2 Be7 8.O-O-O
Nxd4 9.Qxd4 O-O 10.f4 Qa5 11.Bc4 b5 12.Bxb5 Rb8 13.a4 h6 14.Bh4 e5 15.fxe5
dxe5 16.Qxe5 Be6 17.Nd5 Nxd5 18.exd5 Bxh4 19.dxe6 Bg5+ 20.Kb1 Bf6 21.exf7+ Kh8
22.Qd6 Rbd8 23.b4 Rxd6 24.bxa5 Rxd1+ 25.Rxd1 Rxf7 26.c4 Rc7 27.Kc2 Be7 28.Kd3
Kg8 29.Ke4 Kf7 30.Kd4 a6 31.Rf1+ Bf6+ 32.Kd5 axb5 33.axb5 Ra7 34.a6 Ke7 35.Kc6
Kd8 36.Kb6 Re7 37.Rxf6 {#r} 1-0

[Event "Ch SibFO "]
[Site "masterchessopen.com Novosibirsk (Russia)"]
[Round "4"]
[White "Guempel Viktor (RUS)"]
[Black "Kirillov Pavel (RUS)"]
[Result "1-0"]
[WhiteElo "2315"]
[BlackElo "2150"]

1.e4 c5 2.Nf3 d6 3.d4 cxd4 4.Nxd4 Nf6 5.Nc3 e6 6.Bg5 Nc6 7.Qd2 Nxd4 8.Qxd4 Be7
9.O-O-O O-O 10.f4 Qa5 11.Kb1 e5 12.Qd2 Bg4 13.Re1 Be6 14.f5 Bd7 15.Nd5 Qd8
16.Nxe7+ Qxe7 17.g4 Bc6 18.Bg2 Rad8 19.h4 Kh8 20.h5 h6 21.Bh4 Rd7 22.g5 hxg5
23.Bxg5 Rg8 24.Bf3 d5 25.exd5 Qd6 26.c4 b5 27.h6 g6 28.Qc2 Ba8 29.c5 Qe7 30.d6
Qe8 31.Bxa8 {#r} 1-0